How global is global and how warming is warming (Record no. 86585)

MARC details
000 -LEADER
fixed length control field 00383nam a22001457a 4500
005 - DATE AND TIME OF LATEST TRANSACTION
control field 20160729144750.0
008 - FIXED-LENGTH DATA ELEMENTS--GENERAL INFORMATION
fixed length control field 160729b xxu||||| |||| 00| 0 eng d
080 ## - UNIVERSAL DECIMAL CLASSIFICATION NUMBER
Universal Decimal Classification number 504.7
Item number TER
110 ## - MAIN ENTRY--CORPORATE NAME
Corporate name or jurisdiction name as entry element Tata Energy Research Institute
245 ## - TITLE STATEMENT
Title How global is global and how warming is warming
260 ## - PUBLICATION, DISTRIBUTION, ETC. (IMPRINT)
Place of publication, distribution, etc New Delhi
Name of publisher, distributor, etc TERI
Date of publication, distribution, etc 1996
300 ## - PHYSICAL DESCRIPTION
Extent 20p
653 ## - INDEX TERM--UNCONTROLLED
Uncontrolled term Global warming
942 ## - ADDED ENTRY ELEMENTS (KOHA)
item type Books
Holdings
Lost status Source of classification or shelving scheme Not for loan Home library Current library Shelving location Date acquired Total Checkouts Full call number Barcode Date last seen Price effective from Koha item type
  Universal Decimal Classification   University Library University Library General Stacks 29/07/2016   504.7 TER RDC00200 29/07/2016 29/07/2016 Books
University Library, CUSAT